[Event "27th ECC Women 2023"]
[Site "Durres ALB"]
[Date "2023.10.04"]
[Round "4.7"]
[Board "2"]
[White "Rakhmangulova, Anastasiya"]
[Black "Berke, Ana"]
[Result "1-0"]
[WhiteTitle "WIM"]
[BlackTitle "WIM"]
[WhiteElo "2354"]
[BlackElo "2147"]
[WhiteTeam "Gokturk Chess Sport Club"]
[BlackTeam "Gostivar"]
[WhiteFideId "14117479"]
[BlackFideId "14510359"]
[EventDate "2023.10.01"]

1. e4 e6 2. d4 d5 3. Nc3 dxe4 4. Nxe4 Nf6 5. Bg5 Nbd7 6. Nf3 h6 7. Nxf6+ Nxf6 8.
Bxf6 gxf6 9. g3 c5 10. Bg2 cxd4 11. Qxd4 Qxd4 12. Nxd4 Rb8 13. O-O Bc5 14. Nb3
Bb6 15. c4 Bd7 16. c5 Bc7 17. a4 Ke7 18. f4 Rhg8 19. Nd4 a6 20. b4 e5 21. Ne2 h5
22. Nc3 Bc6 23. b5 Ba5 24. bxc6 Bxc3 25. cxb7 Bxa1 26. Rxa1 Kd7 27. fxe5 Kc7 28.
Rf1 Rbe8 29. Rxf6 Rxe5 30. Rc6+ Kd7 31. Rxa6 Rb8 32. Rd6+ Kc7 33. Rc6+ Kd7 34.
a5 Rxb7 35. Rd6+ Kc7 36. Bxb7 Kxb7 37. a6+ Ka7 38. Rc6 h4 39. Kg2 Rg5 40. Kf3
hxg3 41. hxg3 Rf5+ 42. Ke4 Rf1 43. g4 Rf2 44. g5 Rg2 45. Kf4 Rf2+ 46. Kg3 Rf1
47. Rd6 Rg1+ 48. Kf4 Rf1+ 49. Ke5 Rg1 50. Kf6 Rf1+ 51. Kg7 Rg1 52. Rd5 Kxa6 53.
Kxf7 Kb5 54. g6 Rf1+ 55. Ke6 Rg1 56. Kf6 Kc6 57. Rf5 1-0

[Event "27th ECC Women 2023"]
[Site "Durres ALB"]
[Date "2023.10.04"]
[Round "4.7"]
[Board "3"]
[White "Drljevic, Ljilja"]
[Black "Demeter, Dorina"]
[Result "1/2-1/2"]
[WhiteTitle "WIM"]
[BlackTitle "WFM"]
[WhiteElo "2081"]
[BlackElo "2115"]
[WhiteTeam "Gostivar"]
[BlackTeam "Gokturk Chess Sport Club"]
[WhiteFideId "928879"]
[BlackFideId "778079"]
[EventDate "2023.10.01"]

1. Nf3 d5 2. g3 Nf6 3. Bg2 e6 4. O-O h6 5. c4 Bd6 6. d4 O-O 7. Nc3 Nc6 8. Nb5 a6
9. Nxd6 cxd6 10. b3 Ne4 11. Bb2 f5 12. Nd2 Qg5 13. e3 Bd7 14. Rc1 Be8 15. Qe1 h5
16. Ba3 h4 17. Nxe4 fxe4 18. Bxd6 Bh5 19. gxh4 Qg6 20. Kh1 Rf3 21. a3 Qf6 22.
Bg3 Rf8 23. Rg1 Ne7 24. cxd5 exd5 25. Rc7 Nf5 26. Bh3 Nxg3+ 27. Rxg3 g6 28. Rxf3
Bxf3+ 29. Bg2 Bxg2+ 30. Kxg2 Qxh4 31. Kh1 Rxf2 32. Qg1 Qf6 33. Qg3 Qf3+ 34. Qxf3
exf3 35. h3 Ra2 36. Kg1 Rxa3 37. Rxb7 Ra2 38. Rd7 Re2 39. Rxd5 Rxe3 40. Rd6 Kf7
41. Rxa6 Rxb3 42. Kf2 Rd3 43. Rd6 g5 44. Kg3 Ke7 45. Rg6 Rxd4 46. Rxg5 Kf6 47.
Rg8 Kf7 48. Rg4 Rd3 49. Rf4+ Kg6 50. Rxf3 Rxf3+ 1/2-1/2

[Event "27th ECC Women 2023"]
[Site "Durres ALB"]
[Date "2023.10.04"]
[Round "4.7"]
[Board "4"]
[White "Aydin, Gulenay"]
[Black "Kejzar, Petra"]
[Result "1/2-1/2"]
[WhiteTitle "WFM"]
[BlackTitle "WFM"]
[WhiteElo "2143"]
[BlackElo "1986"]
[WhiteTeam "Gokturk Chess Sport Club"]
[BlackTeam "Gostivar"]
[WhiteFideId "34557431"]
[BlackFideId "14610213"]
[EventDate "2023.10.01"]

1. e4 c5 2. Nf3 Nc6 3. Bb5 e6 4. O-O Nge7 5. d4 cxd4 6. Nxd4 a6 7. Be2 Nxd4 8.
Qxd4 Nc6 9. Qc3 Qc7 10. h3 b5 11. Be3 Bb7 12. f4 Rc8 13. Nd2 Nb4 14. Qxc7 Rxc7
15. c3 Nc2 16. Bb6 Rc6 17. Rac1 Rxb6 18. Rxc2 Bc5+ 19. Kh1 Be3 20. e5 d6 21. Bf3
d5 22. g3 h5 23. Nb3 Rc6 24. Na5 Rc7 25. Nxb7 Rxb7 26. h4 g6 27. a4 O-O 28. axb5
axb5 29. Re2 Bb6 30. Ra1 Rc8 31. Kg2 Ra7 32. Rxa7 Bxa7 33. Rd2 Bc5 34. Be2 b4
35. c4 d4 36. Bf3 Rc7 37. Be2 Ra7 38. b3 Kg7 39. Bd3 Ra1 40. Kf3 Rc1 41. Be2
Rc3+ 42. Rd3 Rc2 43. Bd1 Rb2 44. Ke4 f6 45. exf6+ Kxf6 46. Bf3 Rb1 47. Bd1 Bb6
48. Rd2 Rc1 49. Rd3 Rc3 50. Rxc3 dxc3 51. Bc2 1/2-1/2

[Event "27th ECC Women 2023"]
[Site "Durres ALB"]
[Date "2023.10.05"]
[Round "5.1"]
[Board "1"]
[White "Van Foreest, Machteld"]
[Black "Stefanova, Antoaneta"]
[Result "1/2-1/2"]
[WhiteTitle "FM"]
[BlackTitle "GM"]
[WhiteElo "2266"]
[BlackElo "2424"]
[WhiteTeam "Schachgesellschaft Solingen"]
[BlackTeam "Teuta"]
[WhiteFideId "1051563"]
[BlackFideId "2902257"]
[EventDate "2023.10.01"]

1. e4 e5 2. Nf3 Nc6 3. d4 exd4 4. Nxd4 Qf6 5. Nf3 Bb4+ 6. c3 Bc5 7. Be2 Qe7 8.
O-O Nf6 9. b4 Bb6 10. Qc2 O-O 11. Nbd2 d6 12. Bb2 Bg4 13. Rae1 a6 14. Nd4 Ne5
15. Kh1 Bxe2 16. Rxe2 Nh5 17. g3 Qd7 18. Nf5 g6 19. f4 Ng4 20. Nd4 c5 21. bxc5
dxc5 22. N4f3 Rad8 23. c4 Qd3 24. Qxd3 Rxd3 25. Ne1 Rxg3 26. hxg3 Nxg3+ 27. Kg2
Nxe2 28. Kf3 Nh2+ 29. Kxe2 Nxf1 30. Nxf1 Bc7 31. Nd3 b5 32. Nxc5 Bxf4 33. Nd7
Rc8 34. Nf6+ Kf8 35. Kf3 Bd6 36. cxb5 Rc2 37. Nxh7+ Ke8 38. Nf6+ Kd8 39. Bd4
axb5 40. e5 Be7 41. Nd5 Rxa2 42. Nfe3 Ra4 43. Bb2 Bc5 44. Nc3 Rh4 45. Ned1 Bd4
46. Nxb5 Bxb2 47. Nxb2 Rb4 48. Nd6 Rxb2 49. Nxf7+ Ke7 50. Ng5 Rb4 51. Kg3 Kd7
52. Kf3 Kc6 53. Nh3 Kd7 54. Ng5 Ke7 55. Kg3 Rc4 56. Kf3 Ra4 57. Kg3 Ra1 58. Kf4
Rf1+ 59. Nf3 Kf7 60. Ke4 Kg7 61. Nh2 Re1+ 62. Kd5 g5 63. Nf3 Rd1+ 64. Ke4 g4 65.
Nh4 Kh6 66. Nf5+ Kg5 67. e6 Re1+ 68. Ne3 Kf6 69. Kf4 g3 70. Ng2 Rxe6 71. Kxg3
Ke5 72. Kf3 Kd4 73. Kf4 Rf6+ 74. Kg5 Rf8 75. Nf4 Ke4 76. Ng6 Rf1 77. Ne7 Rf2 78.
Ng6 Rf7 79. Kg4 Rf5 80. Nh4 Rf1 81. Kg5 Rh1 82. Ng6 Rf1 83. Ne7 Rf2 84. Ng6 Rf5+
85. Kg4 Ra5 86. Nh4 Ra1 87. Kg5 Rg1+ 88. Kf6 Rg3 89. Ng6 Rf3+ 90. Kg5 Rf7 91.
Kg4 Rf5 92. Nh4 Rb5 93. Ng6 Ra5 94. Nh4 Ke5 95. Nf3+ Kf6 96. Kf4 Ra4+ 97. Ke3
Ke6 98. Nd4+ Ke5 99. Nf3+ Kd5 100. Ng5 Rg4 101. Nf3 Re4+ 102. Kf2 Re8 103. Kg3
Ke4 104. Ng5+ Kf5 105. Nf3 Re3 106. Kf2 Kf4 107. Ng1 Ra3 108. Ne2+ Kg4 109. Nd4
Rd3 110. Ne2 Kg5 111. Kg2 Kf5 112. Kf2 Kg4 113. Ng1 Ra3 114. Ne2 Rf3+ 115. Ke1
Rf8 116. Kd2 Kf3 117. Nd4+ Ke4 118. Nc2 Rf2+ 119. Kc3 Rh2 120. Nb4 Rh8 121. Nc2 1/2-1/2

[Event "27th ECC Women 2023"]
[Site "Durres ALB"]
[Date "2023.10.05"]
[Round "5.1"]
[Board "2"]
[White "Socko, Monika"]
[Black "Muetsch, Annmarie"]
[Result "1/2-1/2"]
[WhiteTitle "GM"]
[BlackTitle "WIM"]
[WhiteElo "2380"]
[BlackElo "2262"]
[WhiteTeam "Teuta"]
[BlackTeam "Schachgesellschaft Solingen"]
[WhiteFideId "1106619"]
[BlackFideId "12971367"]
[EventDate "2023.10.01"]

1. d4 d6 2. Nf3 g6 3. c4 Bg7 4. Nc3 Nd7 5. e4 e5 6. Be2 Ngf6 7. O-O O-O 8. Be3
c6 9. d5 c5 10. Ne1 Ne8 11. Nd3 Qe7 12. b4 cxb4 13. Nxb4 Nc5 14. Nd3 b6 15. a4
f5 16. f3 Nf6 17. a5 Bd7 18. Nxc5 bxc5 19. Qc2 fxe4 20. fxe4 Ng4 21. Bxg4 Bxg4
22. Rab1 Rab8 23. Rxf8+ Qxf8 24. h3 Bd7 25. Nb5 a6 26. Nc3 Qd8 27. Bd2 Bf6 28.
Qc1 Kf7 29. Nd1 Ba4 30. Nf2 Bd7 31. Rb2 Ke8 32. Qb1 Rxb2 33. Qxb2 Bg5 34. Qc1 1/2-1/2

[Event "27th ECC Women 2023"]
[Site "Durres ALB"]
[Date "2023.10.05"]
[Round "5.1"]
[Board "3"]
[White "Jarocka, Liwia"]
[Black "Cyfka, Karina"]
[Result "1/2-1/2"]
[WhiteTitle "FM"]
[BlackTitle "IM"]
[WhiteElo "2208"]
[BlackElo "2350"]
[WhiteTeam "Schachgesellschaft Solingen"]
[BlackTeam "Teuta"]
[WhiteFideId "21807558"]
[BlackFideId "1122681"]
[EventDate "2023.10.01"]

1. e4 e5 2. Nf3 Nc6 3. Bb5 a6 4. Ba4 Nge7 5. Nc3 Ng6 6. h4 d6 7. h5 Nf4 8. d4 b5
9. Bxf4 bxa4 10. dxe5 a3 11. bxa3 dxe5 12. Qxd8+ Nxd8 13. Bxe5 c6 14. Na4 Bg4
15. h6 f6 16. hxg7 Bxg7 17. Bb2 Rb8 18. Nd2 O-O 19. Nb3 Nf7 20. f3 Bc8 21. O-O-O
Ne5 22. Bc3 Nc4 23. Bb4 Re8 24. Nac5 f5 25. exf5 a5 26. Bxa5 Bxf5 27. Bb4 Re2
28. Ne4 Rxg2 29. Rdg1 Rxg1+ 30. Rxg1 Bg6 31. Nbc5 Bb2+ 32. Kd1 Nxa3 33. Nd3 Nc4
34. c3 Ba3 35. Kc2 Rd8 36. Nf4 Kf7 37. Nxg6 hxg6 38. Kb3 Bxb4 39. cxb4 Ne5 40.
Nc5 Kf6 41. f4 Nf3 42. Rg3 Nd4+ 43. Kc4 Ne2 44. Rd3 Ra8 45. Rd6+ Kf5 46. Rxc6
Rxa2 47. b5 Rc2+ 48. Kd3 Rb2 49. b6 Nxf4+ 50. Kc4 Rc2+ 51. Kb3 Nd3 52. b7 Nxc5+
53. Rxc5+ Rxc5 54. b8=Q Re5 55. Qf8+ Kg5 56. Qd8+ Kf5 57. Qd7+ Kf6 58. Kc4 Rf5
59. Qd8+ Kg7 60. Kd4 Kh7 61. Ke4 Kg7 62. Qh4 Rh5 63. Qe7+ Kg8 64. Kf4 Rf5+ 65.
Kg4 Kh8 66. Qd8+ Kg7 67. Qh4 Rf7 68. Qg5 Rf5 69. Qe7+ Kg8 70. Qa7 Kh8 71. Qe3
Kg7 72. Qd2 Kh7 73. Qb2 Kg8 74. Qh2 Kg7 75. Qh1 Rf7 76. Qh4 Rf5 77. Qh2 Rf7 78.
Qe5+ Kh7 79. Qc3 Rf5 80. Qb2 Kg8 81. Qh2 Kg7 82. Qh1 Rf7 83. Qa1+ Kh7 84. Qe5
Rf5 85. Qd4 Kg8 86. Qd2 Kg7 87. Qh2 Rf7 88. Qd6 Rf5 89. Qe7+ Kg8 90. Kh4 Kh8 91.
Qe3 Kg7 92. Kg4 Kh7 93. Qc1 Kg7 94. Qh1 Rf7 1/2-1/2

[Event "27th ECC Women 2023"]
[Site "Durres ALB"]
[Date "2023.10.05"]
[Round "5.1"]
[Board "4"]
[White "Caku, Kler"]
[Black "Bashylina, Luisa"]
[Result "0-1"]
[BlackTitle "WFM"]
[WhiteElo "1697"]
[BlackElo "2192"]
[WhiteTeam "Teuta"]
[BlackTeam "Schachgesellschaft Solingen"]
[WhiteFideId "4704703"]
[BlackFideId "12983292"]
[EventDate "2023.10.01"]

1. e4 c5 2. Nf3 d6 3. Bb5+ Nd7 4. O-O a6 5. Bxd7+ Bxd7 6. d3 g6 7. Be3 Bg7 8. c3
Nf6 9. h3 O-O 10. Nbd2 Bc6 11. Nh2 b5 12. f4 c4 13. Qe2 cxd3 14. Qxd3 b4 15. c4
Nd7 16. Qc2 Qc7 17. Rae1 Bb7 18. f5 Ne5 19. Ng4 Nxg4 20. hxg4 d5 21. exd5 Bxd5
22. Qb3 Bc6 23. Nf3 Qg3 24. Bc5 Rfd8 25. Qe3 Qxg4 26. fxg6 hxg6 27. Re2 Bxf3 28.
Qxf3 Qxc4 29. Bxe7 Re8 30. b3 Qd4+ 31. Kh1 Rxe7 32. Rxe7 Qh4+ 33. Kg1 Bd4+ 34.
Re3 Rf8 35. Rf2 Qg5 36. Re1 Qd2 37. Re2 Qc1+ 38. Kh2 Qh6+ 39. Qh3 Qxh3+ 40. Kxh3
Bxf2 41. Rxf2 Rd8 42. Rf6 a5 43. Ra6 Rd5 44. Kg3 Kg7 45. Kf3 Rf5+ 46. Kg3 Kh6
47. Ra7 Kg5 48. Rc7 Kf6 49. Rc6+ Ke5 50. Rc4 Kd5 51. Rc8 Kd4 52. Rc7 Rc5 53.
Rxf7 Rc2 54. Rd7+ Kc3 55. Rc7+ Kb2 56. Rc4 Rc3+ 57. Kh4 Kxa2 58. Re4 Kxb3 59. g4
a4 0-1

[Event "27th ECC Women 2023"]
[Site "Durres ALB"]
[Date "2023.10.05"]
[Round "5.2"]
[Board "1"]
[White "Song, Yuxin"]
[Black "Ushenina, Anna"]
[Result "1/2-1/2"]
[WhiteTitle "WIM"]
[BlackTitle "GM"]
[WhiteElo "2404"]
[BlackElo "2434"]
[WhiteTeam "TAJFUN SK Ljubljana"]
[BlackTeam "SP Gaz Ukraine"]
[WhiteFideId "8614300"]
[BlackFideId "14110911"]
[EventDate "2023.10.01"]

1. e4 c5 2. Nf3 Nc6 3. Bb5 g6 4. Bxc6 bxc6 5. O-O Bg7 6. Re1 Qc7 7. h3 d6 8. c3
Nf6 9. d4 cxd4 10. cxd4 O-O 11. Nc3 c5 12. e5 dxe5 13. dxe5 Rd8 14. Qa4 Nh5 15.
Qc4 Bb7 16. Ne4 Bxe5 17. Qxc5 Bxe4 18. Qxc7 Bxc7 19. Rxe4 Rd1+ 20. Re1 Rxe1+ 21.
Nxe1 Rb8 22. b3 Nf6 23. Be3 Bb6 24. Bxb6 Rxb6 25. Rc1 Ra6 26. Rc2 Nd5 27. Nd3 f6
28. f4 Kf7 29. Kf2 h5 30. g3 Rd6 31. Kf3 Re6 32. Re2 Rc6 33. Rd2 e6 34. g4 hxg4+
35. hxg4 a5 36. Ke4 Nc3+ 37. Ke3 Nd5+ 38. Ke4 Nc3+ 39. Ke3 Nd5+ 40. Ke4 1/2-1/2

[Event "27th ECC Women 2023"]
[Site "Durres ALB"]
[Date "2023.10.05"]
[Round "5.2"]
[Board "2"]
[White "Javakhishvili, Lela"]
[Black "Buksa, Nataliya"]
[Result "1-0"]
[WhiteTitle "IM"]
[BlackTitle "IM"]
[WhiteElo "2437"]
[BlackElo "2361"]
[WhiteTeam "SP Gaz Ukraine"]
[BlackTeam "TAJFUN SK Ljubljana"]
[WhiteFideId "13601458"]
[BlackFideId "14123622"]
[EventDate "2023.10.01"]

1. Nf3 c5 2. c4 Nc6 3. g3 e5 4. Nc3 d6 5. Bg2 g6 6. a3 a5 7. O-O Bg7 8. d3 Nge7
9. Ne1 O-O 10. Nc2 Rb8 11. Rb1 Bd7 12. Bg5 h6 13. Bxe7 Nxe7 14. b4 b6 15. bxc5
bxc5 16. Ne3 Kh7 17. Qc2 Nc6 18. Rxb8 Qxb8 19. Rb1 Qd8 20. Qb3 f5 21. Ned5 Be6
22. Qb6 Qd7 23. Qc7 Rf7 24. Qxd7 Bxd7 25. Rb7 Be8 26. Rb6 e4 27. dxe4 Ne5 28.
exf5 gxf5 29. Ne3 Nxc4 30. Nxc4 Bxc3 31. Nxd6 Re7 32. e3 Bg6 33. Rc6 f4 34. gxf4
Rd7 35. h3 Bg7 36. f5 Bh5 37. Ne4 Rd1+ 38. Kh2 a4 39. Rxc5 Rd3 40. f6 Bf8 41.
Rxh5 1-0

[Event "27th ECC Women 2023"]
[Site "Durres ALB"]
[Date "2023.10.05"]
[Round "5.2"]
[Board "3"]
[White "Unuk, Laura"]
[Black "Daulyte-Cornette, Deimante"]
[Result "0-1"]
[WhiteTitle "IM"]
[BlackTitle "IM"]
[WhiteElo "2313"]
[BlackElo "2360"]
[WhiteTeam "TAJFUN SK Ljubljana"]
[BlackTeam "SP Gaz Ukraine"]
[WhiteFideId "14609215"]
[BlackFideId "12802859"]
[EventDate "2023.10.01"]

1. d4 Nf6 2. c4 e6 3. Nf3 d5 4. g3 Be7 5. Bg2 O-O 6. O-O a5 7. Nc3 c6 8. Ne5
Nbd7 9. e4 Nxe5 10. dxe5 Nd7 11. exd5 exd5 12. cxd5 Nxe5 13. Bf4 Ng6 14. Be3
cxd5 15. Nxd5 Be6 16. Rc1 Rc8 17. Rxc8 Qxc8 18. Qa4 Bd8 19. Nb6 Bxb6 20. Bxb6
Bh3 21. Bxa5 Bxg2 22. Kxg2 Qa8 23. f3 b6 24. b4 bxa5 25. b5 Ne5 26. Qd4 Re8 27.
a4 h6 28. Qc3 Nd7 29. Rf2 Nb6 30. Qd4 Nd5 31. Rd2 Ne3+ 32. Kf2 Nf5 33. Qc5 g6
34. b6 Rc8 35. Qb5 Qb7 36. Qxa5 Qe7 37. Re2 Qd7 38. Qb4 Qb7 39. a5 Rd8 40. Qe4
Qa6 41. Qe5 Nd6 42. Qf6 Nb7 43. Re7 Qc4 44. Kg2 Nxa5 45. Kh3 Nc6 46. Rc7 Qf1+
47. Kg4 Rd4+ 48. f4 Qd1+ 49. Kh3 Nd8 50. b7 Qh5+ 51. Qh4 Qb5 52. Qf6 Rd2 53. Qe5
Qf1+ 54. Kg4 f5+ 0-1

[Event "27th ECC Women 2023"]
[Site "Durres ALB"]
[Date "2023.10.05"]
[Round "5.2"]
[Board "4"]
[White "Zhukova, Natalia"]
[Black "Urh, Zala"]
[Result "1/2-1/2"]
[WhiteTitle "GM"]
[BlackTitle "WIM"]
[WhiteElo "2303"]
[BlackElo "2216"]
[WhiteTeam "SP Gaz Ukraine"]
[BlackTeam "TAJFUN SK Ljubljana"]
[WhiteFideId "14101513"]
[BlackFideId "14611481"]
[EventDate "2023.10.01"]

1. c4 e5 2. Nc3 Nf6 3. Nf3 Nc6 4. g3 d5 5. cxd5 Nxd5 6. Bg2 Nf6 7. O-O h6 8. d3
Bd6 9. d4 exd4 10. Nxd4 Nxd4 11. Qxd4 Qe7 12. Bf4 Bxf4 13. Qxf4 O-O 14. Rfd1 c6
15. e4 Be6 16. h3 Rad8 17. Qe3 Qb4 18. b3 Rfe8 19. f4 Qa5 20. Rxd8 Rxd8 21. Rf1
Bc8 22. Rf2 Qh5 23. e5 Nd5 24. Nxd5 cxd5 25. Qxa7 Bxh3 26. Qd4 Qg4 27. Kh2 Bxg2
28. Kxg2 h5 29. Qd3 h4 30. Qf3 h3+ 31. Kh2 Qc8 32. Rd2 d4 33. g4 d3 34. Kxh3 Qc3
35. Qe3 Rd4 36. Kg3 Re4 37. Qxe4 Qxd2 38. e6 fxe6 39. Qxe6+ Kf8 40. Qc8+ Ke7 41.
Qxb7+ Kd6 42. Qb6+ Kd5 43. Qb5+ Kd6 44. Qb6+ Kd5 45. Qb5+ 1/2-1/2

[Event "27th ECC Women 2023"]
[Site "Durres ALB"]
[Date "2023.10.05"]
[Round "5.3"]
[Board "1"]
[White "Batsiashvili, Nino"]
[Black "Danielian, Elina"]
[Result "1/2-1/2"]
[WhiteTitle "GM"]
[BlackTitle "GM"]
[WhiteElo "2475"]
[BlackElo "2416"]
[WhiteTeam "Superchess"]
[BlackTeam "SK Crvena zvezda Data Driven Lab"]
[WhiteFideId "13602993"]
[BlackFideId "13300210"]
[EventDate "2023.10.01"]

1. d4 Nf6 2. c4 e6 3. Nc3 Bb4 4. a3 Bxc3+ 5. bxc3 O-O 6. f3 c5 7. e4 d6 8. Ne2
Nc6 9. Bg5 h6 10. Bh4 cxd4 11. Nxd4 Ne5 12. Nb5 d5 13. Bg3 a6 14. Bxe5 axb5 15.
cxb5 Qe7 16. Qd4 Rxa3 17. Rxa3 Qxa3 18. Be2 Qc1+ 19. Bd1 Bd7 20. exd5 Bxb5 21.
dxe6 fxe6 22. Qd2 Qa1 23. Bxf6 Rxf6 24. Kf2 Rf7 25. Re1 Rd7 26. Qc2 Qa7+ 27. Kg3
Qc5 28. Qe4 Qg5+ 29. Qg4 Qxg4+ 30. Kxg4 Bc4 31. Be2 Rc7 32. Bxc4 Rxc4+ 33. Kg3
Kf7 1/2-1/2

[Event "27th ECC Women 2023"]
[Site "Durres ALB"]
[Date "2023.10.05"]
[Round "5.3"]
[Board "2"]
[White "Rapport, Jovana"]
[Black "Wagner, Dinara"]
[Result "1/2-1/2"]
[WhiteTitle "WGM"]
[BlackTitle "WGM"]
[WhiteElo "2324"]
[BlackElo "2461"]
[WhiteTeam "SK Crvena zvezda Data Driven Lab"]
[BlackTeam "Superchess"]
[WhiteFideId "937266"]
[BlackFideId "24157570"]
[EventDate "2023.10.01"]

1. e4 c5 2. Nf3 d6 3. Bc4 Nf6 4. d3 Nc6 5. O-O e6 6. Nbd2 a6 7. a4 Be7 8. c3 O-O
9. Re1 Ne5 10. Nf1 Nxc4 11. dxc4 b6 12. Ng3 Bb7 13. Bf4 Qc7 14. Qe2 Qc6 15. b3
Rad8 16. b4 cxb4 17. cxb4 Rc8 18. Nd2 Nd7 19. Ra2 Ne5 20. b5 Qc7 21. Rc2 axb5
22. axb5 Ra8 23. Be3 Ra3 24. Bd4 Rfa8 25. Nb1 R3a4 26. Nd2 Ng6 27. Nh5 e5 28.
Be3 Bc8 29. f3 f5 30. exf5 Bxf5 31. Ne4 Be6 32. Rec1 Rc8 33. Nd2 Nf8 34. Ng3 Nd7
35. Nge4 Qb7 36. Qf2 Rb4 37. Qe2 d5 38. cxd5 Rxc2 39. Rxc2 Qxd5 40. Nc3 Qa8 41.
Nde4 Rc4 42. h3 Qc8 43. Qd2 Nf6 44. Nxf6+ Bxf6 45. Rc1 e4 46. Nxe4 Rxc1+ 47.
Qxc1 Qxc1+ 48. Bxc1 Bd4+ 49. Kh1 Bd7 50. Nd6 Bc5 51. Bf4 Bxd6 52. Bxd6 Bxb5 53.
Bc7 h5 54. Bxb6 1/2-1/2

[Event "27th ECC Women 2023"]
[Site "Durres ALB"]
[Date "2023.10.05"]
[Round "5.3"]
[Board "3"]
[White "Bulmaga, Irina"]
[Black "Mkrtchian, Lilit"]
[Result "1/2-1/2"]
[WhiteTitle "IM"]
[BlackTitle "IM"]
[WhiteElo "2423"]
[BlackElo "2389"]
[WhiteTeam "Superchess"]
[BlackTeam "SK Crvena zvezda Data Driven Lab"]
[WhiteFideId "13903063"]
[BlackFideId "13300601"]
[EventDate "2023.10.01"]

1. e4 e6 2. d4 d5 3. Nc3 a6 4. exd5 exd5 5. Nf3 Nf6 6. Bd3 c5 7. dxc5 Bxc5 8.
O-O O-O 9. Bg5 Be6 10. Qd2 Nbd7 11. Qf4 Re8 12. Qg3 Rc8 13. Rad1 Be7 14. Nd4 Nh5
15. Bxe7 Qxe7 16. Qe3 Qb4 17. Qg5 Nhf6 18. Qc1 Ne5 19. a3 Qb6 20. h3 Nc4 21.
Bxc4 dxc4 22. Rfe1 h6 23. Nxe6 Rxe6 24. Rxe6 Qxe6 25. Qf4 Qb6 26. Rd6 Qxb2 27.
Rxf6 Qxc3 28. Rxf7 Qxc2 29. Rxb7 Rf8 30. Qg3 Rf7 31. Qb8+ Rf8 32. Qg3 Rf7 33.
Rb8+ Rf8 34. Rb7 Rf7 1/2-1/2

[Event "27th ECC Women 2023"]
[Site "Durres ALB"]
[Date "2023.10.05"]
[Round "5.3"]
[Board "4"]
[White "Velikic, Adela"]
[Black "Efroimski, Marsel"]
[Result "0-1"]
[WhiteTitle "WIM"]
[BlackTitle "IM"]
[WhiteElo "2274"]
[BlackElo "2447"]
[WhiteTeam "SK Crvena zvezda Data Driven Lab"]
[BlackTeam "Superchess"]
[WhiteFideId "913553"]
[BlackFideId "2810964"]
[EventDate "2023.10.01"]

1. e4 c6 2. d4 d5 3. e5 Bf5 4. Nf3 e6 5. Be2 Nd7 6. O-O h6 7. Be3 Ne7 8. Nbd2
Bh7 9. Nb3 a6 10. Bd3 Bxd3 11. Qxd3 Nf5 12. Nfd2 c5 13. dxc5 Nxe5 14. Qe2 Nxe3
15. Qxe3 Qc7 16. Qg3 Rc8 17. Rac1 Nc4 18. Qc3 Nxd2 19. Qxd2 Bxc5 20. c4 d4 21.
Nxc5 Qxc5 22. b4 Qd6 23. c5 Qd5 24. Rfd1 e5 25. f4 f6 26. fxe5 fxe5 27. Rf1 Rf8
28. Qe2 e4 29. Qg4 Rc7 30. Qg6+ Rff7 31. c6 Rxc6 32. Rxc6 bxc6 33. Rxf7 Qxf7 34.
Qxc6+ Kf8 35. Qxe4 Qc4 36. Qa8+ Ke7 37. Qe4+ Kd6 38. Qg6+ Qe6 39. Qg3+ Qe5 40.
Qg6+ Kd5 41. Qf7+ Qe6 42. Qf3+ Qe4 43. Qf7+ Kc6 44. Qc4+ Kb6 45. Qc5+ Kb7 46. h3
d3 47. Qd6 Qe3+ 48. Kh2 g5 49. Qd5+ Kc7 50. Qf7+ Kb6 51. Qd7 d2 52. a3 Qe5+ 53.
Kh1 Qe1+ 54. Kh2 d1=Q 0-1

[Event "27th ECC Women 2023"]
[Site "Durres ALB"]
[Date "2023.10.05"]
[Round "5.4"]
[Board "1"]
[White "Khotenashvili, Bella"]
[Black "Tsolakidou, Stavroula"]
[Result "1/2-1/2"]
[WhiteTitle "GM"]
[BlackTitle "IM"]
[WhiteElo "2483"]
[BlackElo "2385"]
[WhiteTeam "Garuda Ajka BSK"]
[BlackTeam "MSK Centar Asseco See"]
[WhiteFideId "13602640"]
[BlackFideId "4264312"]
[EventDate "2023.10.01"]

1. d4 Nf6 2. c4 g6 3. g3 Bg7 4. Bg2 O-O 5. Nc3 d6 6. Nf3 c6 7. e4 Qb6 8. O-O Bg4
9. Rb1 Nfd7 10. Be3 c5 11. h3 Bxf3 12. Bxf3 Nc6 13. dxc5 dxc5 14. Nd5 Qd8 15. h4
e6 16. Nc3 Nd4 17. Nb5 Ne5 18. Be2 Nec6 19. h5 Qe7 20. Nxd4 Bxd4 21. Qc1 Rad8
22. Bh6 Rfe8 23. Kg2 b6 24. hxg6 hxg6 25. Rh1 Be5 26. Bg5 Bf6 27. Be3 Qb7 28. f3
Nd4 29. Bxd4 Rxd4 30. Qc2 Red8 31. Rbd1 Qa6 32. Rxd4 Rxd4 33. b3 Qa5 34. Rd1
Rxd1 35. Bxd1 Qe1 36. Qe2 Qc3 37. Qc2 Qd4 38. Be2 g5 39. Bd3 Qd6 40. Qd2 Kf8 41.
f4 gxf4 42. gxf4 Bg7 43. f5 exf5 44. exf5 Qc6+ 45. Kf2 Bd4+ 46. Ke2 Qh1 47. Qg5
f6 48. Qg3 Qh5+ 49. Kd2 Qh6+ 50. Kc2 Be5 51. Qg2 Qe3 52. Qa8+ Kg7 53. Qg2+ Kf8
54. Qa8+ Kg7 55. Qg2+ Kf8 1/2-1/2

[Event "27th ECC Women 2023"]
[Site "Durres ALB"]
[Date "2023.10.05"]
[Round "5.4"]
[Board "2"]
[White "Narva, Mai"]
[Black "Hoang, Thanh Trang"]
[Result "1/2-1/2"]
[WhiteTitle "IM"]
[BlackTitle "GM"]
[WhiteElo "2399"]
[BlackElo "2398"]
[WhiteTeam "MSK Centar Asseco See"]
[BlackTeam "Garuda Ajka BSK"]
[WhiteFideId "4500512"]
[BlackFideId "12400149"]
[EventDate "2023.10.01"]

1. e4 e6 2. d4 d5 3. exd5 exd5 4. Nf3 Bd6 5. Bd3 Nc6 6. O-O Nge7 7. a4 O-O 8.
Na3 Bf5 9. Nb5 Bxd3 10. Qxd3 a6 11. Nxd6 Qxd6 12. Re1 Rfe8 13. Bd2 Ng6 14. g3 h6
15. Kg2 Qf6 16. b4 Nce7 17. b5 axb5 18. axb5 Nf5 19. h4 Nf8 20. Re5 Nd6 21. Rxa8
Rxa8 22. Rxd5 Nd7 23. Re5 Ra4 24. Re1 Qf5 25. Qxf5 Nxf5 26. Re8+ Kh7 27. c3 Nf6
28. Rb8 Nd6 29. Bf4 Nfe4 30. b6 cxb6 31. Bxd6 Nxd6 32. h5 Ra2 33. Ne5 g6 34. Rd8
Ne4 35. Kf3 Ng5+ 36. Ke3 gxh5 37. d5 f6 38. Rd7+ Kg8 39. Ng6 Nf7 40. Rxb7 Rc2
41. Rc7 b5 42. Ne7+ Kf8 43. Nf5 Ne5 44. f4 Nc4+ 45. Kd4 h4 46. Nxh4 Nd6 47. Rd7
Rd2+ 48. Kc5 Ne4+ 49. Kxb5 Ke8 50. Kc6 Rc2 51. Rh7 Rxc3+ 52. Kb6 Rb3+ 53. Kc7
Rc3+ 54. Kb8 Rb3+ 55. Kc8 Rc3+ 56. Kb8 Rb3+ 57. Kc8 Rc3+ 1/2-1/2

[Event "27th ECC Women 2023"]
[Site "Durres ALB"]
[Date "2023.10.05"]
[Round "5.4"]
[Board "3"]
[White "Injac, Teodora"]
[Black "Radeva, Viktoria"]
[Result "1-0"]
[WhiteTitle "IM"]
[BlackTitle "WGM"]
[WhiteElo "2426"]
[BlackElo "2293"]
[WhiteTeam "Garuda Ajka BSK"]
[BlackTeam "MSK Centar Asseco See"]
[WhiteFideId "932400"]
[BlackFideId "2915405"]
[EventDate "2023.10.01"]

1. Nf3 Nf6 2. g3 d5 3. Bg2 e6 4. c4 d4 5. d3 c5 6. e4 Nc6 7. e5 Nd7 8. Bf4 Be7
9. h4 Qc7 10. Nbd2 Ndxe5 11. Nxe5 Nxe5 12. O-O f5 13. b4 Bd6 14. bxc5 Qxc5 15.
Nb3 Qb4 16. Nxd4 Nf7 17. Rb1 Qc5 18. Be3 Qc7 19. Nb5 Qd7 20. Nxa7 Nd8 21. Nxc8
Qxc8 22. Qb3 O-O 23. c5 f4 24. cxd6 fxe3 25. fxe3 Rxf1+ 26. Rxf1 Qc5 27. d4 Qxd6
28. Qb5 Qe7 29. a4 h6 30. Be4 Nf7 31. Qh5 Nd6 32. Bc2 Rc8 33. Qg6 Nf5 34. Bb3
Qd6 35. Qxe6+ 1-0